00982nam a2200193 a 450000100100000000500170001000800410002704000250006808200160009310000370010924500890014626000310023530000270026695201290029395201150042295201140053795201200065199900170077100003836020201002031234.0130409s20uu dr ac r 000 0 spa d aDO-SdBNPbspacBNPHU axxxxbM738a1 aMonclús, Juan Francisco96472210aApuntes sobre la victima del delito o victimiología /cJuan Francisco Monclús C. aSanto Domingo :,c[200?.]. a20 p. :bil. ;c21 cm. 001054708DSaGRbGRcHDd2013-10-31iLF1l0oxxxx M738ap38360-30r2020-06-25te. 3w2020-06-25yLFDSZPréstamo en sala 00107-18PDaGRbGRcOId2018-06-20iLF1l0oxxxx M738ap38360-40r2020-06-25w2020-06-25yLFPDZNo se presta 0010718PDaPDbPDcHDd2013-04-09iLF1l0oxxxx M738ap38360-10r2020-06-25w2020-06-25yLFPDZNo se presta 0010718PDaPDbPDcHDd2013-07-02iLF1l0oxxxx M738ap38360-20r2020-06-25te. 2w2020-06-25yLFPDZNo se presta c37850d37850